LEADER 01503oam 2200421I 450 001 9910705145903321 005 20140304132032.0 035 $a(CKB)5470000002447898 035 $a(OCoLC)741741625 035 $a(EXLCZ)995470000002447898 100 $a20110717d1959 ua 0 101 0 $aeng 135 $aurmn||||a|a|| 181 $2rdacontent 182 $2rdamedia 183 $2rdacarrier 200 10$aCalculated behavior of a fast neutron spectrometer based on the total absorption principle /$fJames E. Leiss 210 1$aWashington, D.C. :$cNational Bureau of Standards, United States Department of Commerce, Office of Technical Services,$d1959. 215 $a1 online resource (16, 21 unnumbered pages) $cillustrations 225 1 $aNational Bureau of Standards technical note ;$v10 300 $aTitle from title screen (viewed Mar. 4, 2014). 300 $a"April 14, 1959." 320 $aIncludes bibliographical references (page 16). 606 $aSpectrometer 606 $aNeutrons$xSpectra 615 0$aSpectrometer. 615 0$aNeutrons$xSpectra. 700 $aLeiss$b James E.$01416098 712 02$aUnited States.$bNational Bureau of Standards, 712 02$aU.S. Atomic Energy Commission, 801 0$bOCLCE 801 1$bOCLCE 801 2$bOCLCQ 801 2$bGPO 906 $aBOOK 912 $a9910705145903321 996 $aCalculated behavior of a fast neutron spectrometer based on the total absorption principle$93520204 997 $aUNINA LEADER 04291nam 2200661 a 450 001 9911020026103321 005 20200520144314.0 010 $a9786613640260 010 $a9783527646920 010 $a3527646922 010 $a9781280663338 010 $a1280663332 010 $a9783527646906 010 $a3527646906 010 $a9783527646937 010 $a3527646930 035 $a(CKB)2670000000173956 035 $a(EBL)888533 035 $a(OCoLC)785811711 035 $a(SSID)ssj0000715527 035 $a(PQKBManifestationID)11956103 035 $a(PQKBTitleCode)TC0000715527 035 $a(PQKBWorkID)10701013 035 $a(PQKB)11747350 035 $a(MiAaPQ)EBC888533 035 $a(Perlego)1002143 035 $a(EXLCZ)992670000000173956 100 $a20120608h20112012 uy 0 101 0 $ager 135 $aur|n|---||||| 181 $ctxt 182 $cc 183 $acr 200 00$aErneuerbare Energie $eKonzepte fur die Energiewende /$fherausgegeben von Thomas Buhrke und Roland Wengenmayr 205 $a3., aktualisierte und erw. Aufl. 210 $aWeinheim [Germany] $cWiley-VCH$d2011, c2012 215 $a1 online resource (181 p.) 300 $aDescription based upon print version of record. 311 08$a9783527411085 311 08$a3527411089 320 $aIncludes bibliographical references and index. 327 $aTitle page; Vorwort; Geleitwort; Kompetent mitreden; Inhaltsverzeichnis; Entwicklung der erneuerbaren Energien; Regenerative Energietra?ger - ein U?berblick; Windenergie; Ru?ckenwind fu?r eine zukunftsfa?hige Technik; Wasserkraftwerke; Fließende Energie; Solarthermische Kraftwerke; Wie die Sonne ins Kraftwerk kommt; Photovoltaik; Solarzellen - ein U?berblick; Neue Materialien der Photovoltaik; Solarzellen aus Folien-Silizium; CIS-Du?nnschicht-Solarzellen; Gu?nstige Module fu?r solares Bauen; CdTe-Du?nnschicht-Solarzellen; Auf dem Weg zur Netzparita?t; Geothermische Wa?rmeund Stromerzeugung 327 $aEnergie aus der TiefeBiokraftstoffe; Gru?ne Chance und Gefahr; Biokraftstoffe sind nicht per se nachhaltig; Irrungen und Wirrungen um Biokraftstoffe; Kraftstoffe aus Algen; Konzentrierte gru?ne Energie; Das Karlsruher Verfahren bioliq®; Synthesekraftstoffe aus Biomasse; Das Aufwindkraftwerk; Strom aus heißer Luft; Gezeitenstro?mungskraftwerke; Mond, Erde und Sonne als Antrieb; Wellenkraftwerke; Energiereservoir Ozean; Osmosekraftwerke; Salz-contra Su?ßwasser; Energieu?bertragung von Offshore-Windparks; Die Nordsee geht ans Netz; Elektrische Energieversorgung der Zukunft 327 $aNeuer Strom in alten Netzen?DLR-Studien zum Projekt Desertec; Strom aus der Wu?ste; Wasserstoff als Energiespeicher; Wasserstoff: Alternative zu fossilen Energietra?gern?; Saisonale Speicherung thermischer Energie; Wa?rme auf Abruf; Brennstoffzellen im mobilen und stationa?ren Einsatz; Geba?ndigtes Knallgas; Mobilita?t und erneuerbare Energie; Elektrofahrzeuge; Solare Klimatisierung; Ku?hlende Hitze; Klima-Engineering; Prima Klima im Glashaus; Niedrigenergie-Wohnheim mit Biogas-Heizung; Nachhaltigkeit mit ungewo?hnlichem Konzept; Geba?udethermographie unter der Lupe; Die Versuchung bunter Bilder 327 $aErneuerbare Energie in DeutschlandFo?rdermo?glichkeiten und Informationsquellen; Stichwortverzeichnis 330 $aSeit Erscheinen der erfolgreichen ersten zwei Auflagen hat sich viel getan, weshalb das Buch von 15 auf 24 Kapitel angewachsen ist. Neu sind: Gezeitenstro?mungs- und Osmosekraftwerke, Anschluss riesiger Nordsee-Windparks ans Stromnetz, solare Klimatechnik, energieeffizient klimatisierte Großbauten, Elektroautos, der Weg zu echt ""gru?nem"" Biokraftstoff. Unvera?ndert bleibt das bewa?hrte Konzept: Fu?hrende Wissenschaftler erkla?ren detailliert und unterstu?tzt durch viele Grafiken und Infoka?sten, wie alle wichtigen Techniken funktionieren. 606 $aRenewable energy sources 615 0$aRenewable energy sources. 676 $a697.78 701 $aBuhrke$b Thomas$01838501 701 $aWengenmayr$b Roland$01838502 801 0$bMiAaPQ 801 1$bMiAaPQ 801 2$bMiAaPQ 906 $aBOOK 912 $a9911020026103321 996 $aErneuerbare Energie$94417474 997 $aUNINA LEADER 01187nas 2200433 c 450 001 9910895371003321 005 20260218110614.0 011 $a2699-6693 024 7 $a10.15460/apimagazin 035 $a(DE-599)ZDB3007218-9 035 $a(OCoLC)1155562105 035 $a(DE-101)1204031932 035 $a(CKB)4100000010958473 035 $a(DE-599)3007218-9 035 $a(EXLCZ)994100000010958473 100 $a20200203a20209999 |y | 101 0 $ager 135 $aur||||||||||| 181 $ctxt$2rdacontent 182 $cc$2rdamedia 183 $acr$2rdacarrier 200 00$aAusbilden, Publizieren, Informieren$eAPI : studentisches Magazin der HAW Hamburg 210 31$a[Hamburg]$cHamburg University Press$d29. Januar 2020- 300 $aErscheinen 2 Ausgaben pro Jahr 300 $aGesehen am 28.02.20 517 3 $aAPI 517 3 $aAPI-Magazin 517 1 $aAPI 517 1 $aAPI Magazin 608 $aZeitschrift$2gnd-content 676 $a020 676 $a370 801 0$b1140 801 1$bDE-101 801 2$b9999 906 $aJOURNAL 912 $a9910895371003321 996 $aAusbilden, Publizieren, Informieren$94440849 997 $aUNINA